Betürendes mutató az Új Könyvek 1965 2. évfolyam 1 - 25. számához
| Format: | Book |
|---|---|
| Language: | Hungarian |
| Published: |
Budapest
Állami Könyvterjesztö
1966
|
MARC
| LEADER | 00000nam a2200000 a 4500 | ||
|---|---|---|---|
| 001 | vtls001276153 | ||
| 003 | SK-MaSNL | ||
| 005 | 20260223171505.0 | ||
| 008 | 210928s1966 HU 0 hun | ||
| 035 | |a SNK000227392 | ||
| 040 | |a SNK |b slo |c SNK |e AACR2 | ||
| 044 | |a HU | ||
| 245 | 1 | |a Betürendes mutató az Új Könyvek 1965 |b 2. évfolyam 1 - 25. számához | |
| 260 | |a Budapest |b Állami Könyvterjesztö |c 1966 | ||
| 300 | |a 83 s. |c 8° | ||
| 958 | |a OND | ||
| 999 | |c 627621 |d 629551 | ||
| 952 | |t P60, <04>, [BOOK], {604} |a SNK |b SNK |y VYP |7 0 |o snkOID 1864 |i snkD 1058/73 |0 0 |1 0 |4 0 |d 1997-02-14 |l 0 |r 2005-01-02 00:00:00 |w 2026-02-23 | ||


